000 01347nabaa22002057a 4500
999 _c6319
_d6319
003 OSt
005 20260130195520.0
008 190701b xxu||||| |||| 00| 0 spa d
040 _cPJ
100 _96994
_aKirpach, María Belén
245 1 3 _aDe la doble instancia /
_cMaría Belén Kirpach.
300 _ap. 56-76
500 _aCita: TR LALEY AR/DOC/2596/2025
505 _aSumario: I. Organización judicial. Los sistemas de política recursiva.— II. De la conveniencia de la instancia única o plural. Opiniones en doctrina.— III. De las limitaciones a la procedencia apelatoria en el Cód. Proc. Civ. y Com. de la provincia de Santa Fe.— IV. Acerca de la determinación del agravio mínimo en la provincia de Santa Fe.— V. De la doble instancia como garantía constitucional y convencional. Constitucionalidad de la restricción impugnativa.— VI. Doctrina que considera a la doble instancia como garantía.— VII. De la convencionalidad de la inapelabilidad.— VIII. A modo de colofón.
505 _t¿Te interesa el texto completo? Comunicate al correo: koha@justierradelfuego.gov.ar
650 0 _9211
_aDERECHO ADMINISTRATIVO
650 0 _aDOBLE INSTANCIA
_92649
773 0 _02842
_93251
_dBuenos Aires : AbeledoPerrot, 2012-
_oDA121
_tDerecho administrativo. Nº 162 noviembre/diciembre 2025
_z18510590
942 _2udc
_cANA